Introducing qualitative research: a student’s guide

Αποθηκεύτηκε σε:
Λεπτομέρειες βιβλιογραφικής εγγραφής
Κύριος συγγραφέας: BARBOUR, Rosaline S.
Μορφή: Βιβλίο
Γλώσσα:Αγγλικά
Έκδοση: Sage Publications, 2014.
Ετικέτες: Προσθήκη ετικέτας
Δεν υπάρχουν, Καταχωρήστε ετικέτα πρώτοι!

MARC

LEADER 00000nam a22000007a 4500
008 210419b ||||| |||| 00| 0 eng d
020 |a 978-1-4462-5460-8 
100 |a BARBOUR, Rosaline S. 
245 |a Introducing qualitative research:   |b a student’s guide  |c Rosaline S. Barbour  |g xii: 376p 
250 |b .2nd ed 
260 |b Sage Publications,   |c 2014.  |h Los Angeles:   |i 692046   |i 692047   |l H62 .B23  |m Social sciences – Research.  |m Qualitative research.  |m Social sciences – Methodology. 
500 |a “It includes references and index”. 
942 |a lcc  |c BK  |e Adeniran F. A  |f 19/04/2021 
952 |0 0  |1 0  |2 lcc  |4 0  |6 H0062 B23  |7 0  |9 2158  |a HOL  |b ED  |c GJ  |d 2021-04-19  |l 0  |o H62 .B23  |p 2021-6012  |r 2021-04-19 00:00:00  |w 2021-04-19  |y BK 
952 |0 0  |1 0  |2 lcc  |4 0  |6 H0062 B23  |7 0  |9 2159  |a HOL  |b HOL  |c GJ  |d 2021-04-19  |l 0  |o H62 .B23  |p 2021-6013  |r 2021-04-19 00:00:00  |w 2021-04-19  |y BK 
999 |c 1122  |d 1122